Statistics for Biggest U.S. Cities Named for European Cities

Click here to take the quiz!

General Stats

  • This quiz has been taken 55 times
    (47 since last reset)
  • The average score is 8 of 20

Answer Stats

StateCity% Correct
LouisianaNew {Orleans}
90%
AlabamaBirmingham
83%
MassachusettsBoston
76%
New HampshireManchester
59%
VirginiaRichmond
56%
OhioToledo
56%
GeorgiaAthens
54%
FloridaSt. Petersburg
54%
New YorkSyracuse
46%
MassachusettsCambridge
37%
MassachusettsWorcester
34%
PennsylvaniaLancaster
27%
MinnesotaPlymouth
24%
ConnecticutBristol
17%
VirginiaPortsmouth
17%
TexasOdessa
15%
IowaWaterloo
15%
ConnecticutDanbury
12%
OhioParma
12%
TexasEdinburg
7%

Score Distribution

Percentile by Number Answered

Percent of People with Each Score

Your Score History

You have not taken this quiz since the last reset